| 000 | 00430nam a2200181Ia 4500 | ||
|---|---|---|---|
| 008 | 210210b1922 xxu||||| |||| 00| 0 eng d | ||
| 041 | _aeng | ||
| 082 | _a336/143 | ||
| 100 | _aORR (J) | ||
| 245 | _aHistory of British agriculture | ||
| 260 |
_aLondon _bOxford University Press _c1922 |
||
| 650 | _aof | ||
| 650 | _aHistory | ||
| 650 | _aBritish | ||
| 650 | _aagriculture | ||
| 690 | _aEconomic History | ||
| 906 | _a004880 | ||
| 999 |
_c128482 _d128482 |
||